000
00332 a2200157 4500
001
192382
020
_a
978-85-8054-140-3
040
_c
Magnum
100
_a
Luttembarck, Alice
240
1
0
_a
Meu, seu, nosso
_l
por
245
1
0
_a
Meu, seu, nosso
300
_a
28
362
0
_a
2013
697
_a
LITERATURA INFANTIL
942
_c
BK
999
_c
192382
_d
192382